Bibliografía de R. Foulché-Delbosc (1864-1929) / (Record no. 64808)

MARC details
000 -LEADER
campo de control de longitud fija 01122nam a2200265 i 4500
001 - NÚMERO DE CONTROL
campo de control 64808
003 - IDENTIFICADOR DE NÚMERO DE CONTROL
campo de control ES-MaACL
005 - FECHA Y HORA DE LA ÚLTIMA TRANSACCIÓN
campo de control 20250721130429.0
007 - CAMPO FIJO DE DESCRIPCIÓN FÍSICA--INFORMACIÓN GENERAL
campo de control de longitud fija t|
008 - DATOS DE LONGITUD FIJA--INFORMACIÓN GENERAL
campo de control de longitud fija 040105s1931 sp ||||1| spa d
080 ## - NÚMERO DE LA CLASIFICACIÓN DECIMAL UNIVERSAL
Número de la Clasificación Decimal Universal 012 Foulché-Delbosc, Raymond
100 1# - ENTRADA PRINCIPAL--NOMBRE DE PERSONA
Nombre de persona Foulché-Delbosc, Isabel.
9 (RLIN) 51940
245 10 - MENCIÓN DEL TÍTULO
Título Bibliografía de R. Foulché-Delbosc (1864-1929) /
Mención de responsabilidad, etc. por Isabel Foulché-Delbosc y Julio Puyol.
260 ## - PUBLICACIÓN, DISTRIBUCIÓN, ETC.
Lugar de publicación, distribución, etc. Madrid :
Nombre del editor, distribuidor, etc. [s.n.],
Fecha de publicación, distribución, etc. 1931 (
Fabricante Tip. de la "Revista de Archivos, Bibliotecas y Museos")
300 ## - DESCRIPCIÓN FÍSICA
Extensión 171 p. :
Otras características físicas 1 retr. ;
Dimensiones 25 cm.
505 8# - NOTA DE CONTENIDO CON FORMATO
Nota de contenido con formato Preliminar: La obra hispanista de R. Foulché-Delbosc / Julio Puyol
530 ## - NOTA DISPONIBLE DE FORMULARIO FÍSICO ADICIONAL
Nota de formato físico adicional disponible Disponible en formato digital.
599 ## - NOTA A LAS ILUSTRACIONES
NOTA A LAS ILUSTRACIONES Retr. de R. Foulché-Delbosc.
600 14 - PUNTO DE ACCESO ADICIONAL DE MATERIA--NOMBRE DE PERSONA
Nombre de persona Foulché-Delbosc, Raymond-
Subdivisión cronológica 1864-1929-
Subdivisión de forma Bibliografías.
9 (RLIN) 173152
700 1# - ENTRADA AGREGADA--NOMBRE PERSONAL
Nombre de persona Puyol y Alonso, Julio,
Fechas asociadas al nombre 1865-1937
9 (RLIN) 94454
852 ## - LOCALIZACIÓN
Ubicación ES-MaACL
Número de control de estantería A-1023
Ubicación en estantería Sala Pecera Referencia
Nota libre Revisado enlace: 21 de julio de 2025
856 4# - LOCALIZACIÓN Y ACCESO ELECTRÓNICOS
Identificador Uniforme de Recursos <a href="https://bibliotecadigital.jcyl.es/es/consulta/registro.do?id=5680">https://bibliotecadigital.jcyl.es/es/consulta/registro.do?id=5680</a>
Texto de enlace Biblioteca Digital de Castilla y León
942 ## - ELEMENTOS DE ENTRADA SECUNDARIOS (KOHA)
Fuente del sistema de clasificación o colocación Clasificación decimal universal
Holdings
Estatus retirado Estado de pérdida Estado de daño No para préstamo Colección Biblioteca de origen Biblioteca actual Ubicación en estantería Fecha de adquisición Fuente de adquisición Total de préstamos Signatura topográfica completa Código de barras Visto por última vez Precio de reemplazo Tipo de ítem Koha
        Colección digital Biblioteca del Ateneo de Madrid Biblioteca del Ateneo de Madrid Sala Pecera Planta 1 17/01/2008     A-1023 1067904 23/02/2023 23/02/2023 Libro impreso